00671nam a22001817a 4500999001900000005001700019010001500036020002300051035001400074037001300088082000800101245010200109260003200211270009700243300002000340942001700360952011200377 c169664d16966420191128143506.0 aENG-127019 c395.00a9357941843 aEN-110551 bDBAD/PUB a000 aOlympiad online test package :cby Prabhu Jhingran [and] Raghav Jhingranbfor IMO, NSO, IEO, NCO  aNew DelhibV & S Publishers aF-2/16, Ansari Road, DaryaganjbNew Delhie110002minfo@vspublishers.comk23240026, 23240027 a48p.c23cm(pbk) 2ddccENh000 001040708NFICaLbLd2019-11-28eDBAD/PUBg395.00l0o000pEN-110551r2019-11-28 00:00:00t1v395.00yEN